000 00296nam a2200121Ia 4500
008 190216s9999||||xx |||||||||||||| ||und||
100 _aLokanathan V
245 0 _aPrinciples Of Economics Economic Analysis
260 _bS Chand & Co
_c1999
300 _a392p
650 _aEconomics
942 _cBK
999 _c10442
_d10442